| 000 | 01169cam a22003135i 4500 | ||
|---|---|---|---|
| 999 |
_c29034 _d29005 |
||
| 001 | 2579637 | ||
| 003 | EG-ScBUE | ||
| 005 | 20201213115754.0 | ||
| 008 | 960515s1997 caua f b 001 0 eng d | ||
| 020 | _a0201498405 | ||
| 020 | _a9780201498400 | ||
| 040 |
_aDLC _beng _erda _cDLC _dDLC _dEG-ScBUE |
||
| 082 | 0 | 4 |
_a005.73 _bWEI _222 |
| 100 | 1 |
_aWeiss, Mark A., _d1945- _eauthor. |
|
| 245 | 1 | 0 |
_aData structures and algorithm analysis in C / _cMark Allen Weiss, Florida International University. |
| 250 | _aSecond edition. | ||
| 264 | 1 |
_aMenlo Park, California : _bAddison-Wesley Longman, _c1997. |
|
| 300 |
_axv, 511 pages : _billustrations ; _c24 cm |
||
| 336 |
_atext _btxt _2rdacontent |
||
| 337 |
_aunmediated _bn _2rdamedia |
||
| 338 |
_avolume _bnc _2rdacarrier |
||
| 504 | _aIncludes bibliographical references and index. | ||
| 650 | 7 |
_aC (Computer program language) _2EG-ScBUE |
|
| 650 | 7 |
_aData structures (Computer science) _2EG-ScBUE |
|
| 650 | 7 |
_aComputer algorithms. _2EG-ScBUE |
|
| 653 |
_bCOMSCI _bENGGEN _cDecember2020 |
||
| 942 |
_2ddc _cBB |
||